000 00641nam a22002177a 4500
003 BUBTL
008 170828b xxu||||| |||| 00| 0 eng d
020 _a978-81-317-1414-0
082 _a659.1
_bADW
100 _91385
_aWells, William D.
245 _aAdvertising
_bPrinciples and Practice
_cWells, William D.
250 _a7th
260 _aNew Delhi
_bPearson
_c2006
300 _axxxi, 592p. :
_bill, Chart, Graph ; 27cm.
_cMarketing.
500 _aIncludes Index and Glossary.
650 0 _953
_aMarketing
700 _91388
_aWilliam D. Wells
856 _k0
_l0
_yDownload
942 _2ddc
_cBK
999 _c5511
_d5511